LEADER 01272nls 2200265- 450 001 996355150403316 005 20200826083002.0 011 $a1750-2799 100 $a20060508a20069999 s-- a 101 0 $aeng 102 $aGB 110 $aa 0 135 $aurcn|---||||| 200 1 $aNature protocols 207 0$aVol.1(2006)- 210 $aLondon$cNature Pub. Group,$d2006- 326 $aMensile 330 $aNature Protocols č una risorsa online interattiva per protocolli sperimentali e di laboratorio per ricercatori da banco principalmente in biologia e chimica. I protocolli sono presentati in uno stile "ricetta" che fornisce descrizioni dettagliate delle procedure che gli utenti possono portare al banco del laboratorio e applicare immediatamente nella propria ricerca. I protocolli sul sito sono completamente ricercabili e organizzati in categorie logiche per essere facilmente accessibili. Insieme, "Nature Protocols" e la "Rete di protocolli" interattiva creano un forum dinamico in cui gli scienziati possono caricare e commentare i protocolli. 606 0 $aBiologia$xPeriodici$2BNCF 676 $a570.28 801 0$aIT$bcba$gREICAT 912 $a996355150403316 959 $aEJ 996 $aNature protocols$91754856 997 $aUNISA LEADER 01853nam 2200385 n 450 001 996392698403316 005 20221108070239.0 035 $a(CKB)4940000000114054 035 $a(EEBO)2240899720 035 $a(UnM)9958991100971 035 $a(EXLCZ)994940000000114054 100 $a19811012d1683 uy 101 0 $aeng 135 $aurbn||||a|bb| 200 10$aEnglish examples of the Latine syntaxis: Or, The rules of the Latine syntaxis exemplified in English sentences, fitted and framed to the construction of those rules$b[electronic resource] $eIn order to the bringing of learners to a more clear and full understanding of those rules by the translating of these examples. With an intermixture of critical notes and grammatical observations, (mantissę loco) added for the diversion of teachers, and instruction of learners. /$fBy William Walker, B.D. schoolmaster of Grantham in Lincolnshire 210 $aLondon $cPrinted by John Playford for Job Kellington, at the Star in Little Britain$d1683 215 $a[1] p 300 $aTitle page is A2. 300 $aA fragment; title page only. 300 $aReproduction of original in the British Library. 330 $aeebo-0018 606 $aLatin language$xSyntax$vEarly works to 1800 606 $aLatin language$xGrammar$vEarly works to 1800 608 $aTitle pages$zEngland$y17th cent. 615 0$aLatin language$xSyntax 615 0$aLatin language$xGrammar 700 $aWalker$b William$f1623-1684.$01002630 801 0$bCu-RivES 801 1$bCu-RivES 801 2$bCStRLIN 801 2$bCu-RivES 906 $aBOOK 912 $a996392698403316 996 $aEnglish examples of the Latine syntaxis: Or, The rules of the Latine syntaxis exemplified in English sentences, fitted and framed to the construction of those rules$92397239 997 $aUNISA